Aktuársky a ekonomický dopad zavedenia Solventnosti II v životnom poistení

Saved in:
Bibliographic Details
Main Author: Bilíková, Mária, 1951-
Format: Book Chapter
Language:Slovak
Tags: Add Tag
No Tags, Be the first to tag this record!

MARC

LEADER 00000nla a2200000 4500
001 0157164
005 20240502072738.4
041 0 |a slo 
044 |a SK 
245 1 0 |a Aktuársky a ekonomický dopad zavedenia Solventnosti II v životnom poistení  |c Mária Bilíková 
100 1 |a Bilíková, Mária, 1951-